Effektivität im Betrieb Ermittlung und Beeinflussung

Saved in:
Bibliographic Details
Format: Book
Language:German
Published: Berlin Wirtschaft 1981
Tags: Add Tag
No Tags, Be the first to tag this record!

MARC

LEADER 00000nam a2200000 4500
001 c131648
005 20041019155252.9
041 0 |a ger 
044 |a DE 
245 1 0 |a Effektivität im Betrieb  |b Ermittlung und Beeinflussung 
264 1 |a Berlin  |b Wirtschaft  |c 1981 
300 |a 339 s.